Statistiques concernant Serez vous reconnaître ces logos ?

Cliquez ici pour prendre le quiz!

Statistiques générales

  • Ce quiz a été pris 106 fois
  • Le résultat moyen est 6 sur 16

Statistiques - réponses

Réponse% Correct
Galatasaray
90%
Sunderland
84%
Malmö
82%
Twente
54%
Legia Varsovie
51%
Huesca
45%
Dynamo Moscou
42%
Panathinaikos
34%
Sienne
20%
Randers
15%
Maritimo
14%
Gueugnon
12%
Hadjuk Split
12%
Carpi
6%
Shakhtar Donestk
6%
Energie Cottbus
3%

Distribution des résultats

Percentile par nombre de réponses

% des personnes avec chaque résultat

Votre développement - résultats

Vous n’avez pas pris ce quiz